000 00312nam a22001337a 4500
008 180912b xxu||||| |||| 00| 0 eng d
020 _a9780072422290
041 _aeng
080 _a510
100 _a36
101 _aMAT
245 _aDifferential Equations: A Modeling Approach
_cLedder, G
942 _2udc
_cBK
999 _c47715
_d47715